Marvel Comics A-Z - Statistics

General Stats
  • This quiz has been taken 1,042 times
  • The average score is 20 of 26
Answer Stats
Secret Identity or Team Members Hero-Villan Name or Team Name % Correct
Hawkeye, Captain America, Black Widow, Iron Man, The Hulk, and Thor Avengers
99%
Natasha Alianovna Romanova Black Widow
99%
Steve Rodgers Captain America
99%
Anthony "Tony" Stark Iron Man
98%
Robert Bruce Banner The Hulk
97%
The Thing, Mr. Fantastic, Invisible Girl, and The Human Torch Fantastic Four
96%
Thor Odinson Thor
94%
Storm, Wolverine, Cyclops, Angel, Professor X, Iceman, Jean Grey, and more X-Men
94%
Norman Osborn Green Goblin
93%
Loki Laufeyson Loki
93%
Peter Benjamin Parker Spider-Man
93%
James "Logan" Howlett Wolverine
92%
Otto Octavius Doctor Octopus
88%
Pietro Maximoff Quicksilver
88%
Edward Charles 'Eddie" Brock Venom
83%
Erik Magnus Lehnsherr Magneto
77%
Frank Castle The Punisher
74%
Wilson Grant Fisk Kingpin
73%
Sub-Mariner Namor
71%
Johann Shmidt Red Skull
62%
Wiccan, Stature, Hulking, The Patriot, Kate Bishop Young Avengers
60%
Maxwell Dillion Electro
58%
Aquarius, Virgo, Gemini, Aries, Leo, Capricorn, Sagittarius, and more Zodiac
56%
Cain Marko Juggernaut
49%
Joseph Chapman Union Jack
15%
Grom Overmind
12%
No matching quizzes found
Score Distribution
Percent of People with Each Score
Percentile by Number Answered
Your Score History
You have not taken this quiz